00694nam a22001932 4500001001100000005001700011008004100028020002800069040001500097050002200112100003100134245010300165260006400268300002400332650003800356650003700394700003400431700003500465000000399720151217145748.0070517s xx 000 0 eng d a8178081032 :cKES 1,200 aKABUcKABU 0aQA76.6b.A36 19741 aAho, Alfred V.@000014842014aThe Design and analysis of computer algorithms /cAlfred Aho, John E. Hopcroft, Jeffrey D. Ullman. aPatparganj, Delhi :bPearson Education (Singapore),cc1974. ax, 470 p. ;c24 cm. 0aComputer programming.@0000148161 0aComputer algorithms.@00001481701 aHopcroft, John E.@00001484211 aUllman, Jeffrey D.@0000148422